000 00361nam a2200133Ia 4500
008 151001s9999||||xx |||||||||||||| ||und||
100 _aश्रीपाद काळे
245 _aवणवा
250 _a1
260 _bगुलमोहर प्रकाशन सातारा
260 _c1986
300 _a168
365 _b18
999 _c965126
_d965123